Detalles MARC
| 000 -LIDER |
| fixed length control field |
00996nam a2200289 a 4500 |
| 001 - NÚMERO DE CONTROL |
| Identificador de número de control |
|
| 003 - IDENTIFICACDOR DE NÚMERO DE CONTROL |
| control field |
DO-SdBNP |
| 005 - DATE AND TIME OF LATEST TRANSACTION |
| control field |
20210903111540.0 |
| 008 - ELEMENTOS DE LONGITUD FIJA |
| fixed length control field |
091016s2004 dr r 000 d spa d |
| 020 ## - ISBN |
| International Standard Book Number |
9993439290 |
| 040 ## - FUENTE DE CATALOGACIÓN |
| Agencia que crea de manera original el registro |
DO-SdBNP |
| Idioma de catalogación |
spa |
| Agencia que realiza la transcripción |
BPMSU |
| 082 ## - NÚMERO DE CLASIFICACIÓN DECIMAL DE DEWEY |
| Classification number |
RD862.44 |
| Item number |
M722e 2004 |
| Edition number |
22 |
| 100 1# - ASIENTO PRINCIPAL -- NOMBRE PERSONAL |
| Nombre personal |
Molinaza, José, |
| Fechas asociadas con el nombre |
1951- |
| 245 13 - MENCIÓN DE TITULO |
| Título |
El entremés de Llerena en el teatro hispanoamericano / |
| Mención de responsabilidad |
José Molinaza. |
| 260 ## - PUBLICACIÓN, DISTRIBUCIÓN, ETC. (PIE DE IMPRENTA) |
| Lugar de publicación, distribución, etc |
Santo Domingo : |
| Nombre del editor, distribuidor, etc. |
Librería La Trinitaria, |
| Fecha de publicación, distribución, etc |
2004. |
| 300 ## - DESCRIPCIÓN FÍSICA |
| Extensión |
126 p. ; |
| Dimensiones |
21 cm. |
| 500 ## - NOTA GENERAL |
| Nota general |
Incluye datos biográficos del autor en las solapas |
| 500 ## - NOTA GENERAL |
| Nota general |
Incluye referencias bibliográficas y notas al pie de páginas. |
| 504 ## - NOTA DE BIBLIOGRAFÍA, ETC. |
| Bibliography, etc |
Bibliografía : p. 117-124 |
| 505 ## - NOTA DE CONTENIDO |
| Texto normalizado de contenido |
|
| 590 ## - NOTA LOCAL |
| Texto de la nota local |
Inventariado, 2021/VM |
| 600 14 - ENCABEZAMIENTO DE MATERIA--NOMBRE PERSONAL |
| Nombre personal |
Llerena de Rueda, Cristóbal de, |
| Fechas asociadas con el nombre |
1541?-1626 |
| Subdivisión temática general |
Crítica e interpretación |
| 630 #4 - ENCABEZAMIENTO DE MATERIA--TITULO UNIFORME |
| Título uniforme |
Entremes de Llerena |
| 650 #4 - ENCABEZAMIENTO DE MATERIA--TEMÁTICO |
| Término temático o nombre geográfico como elemento de entrada |
Teatro hispanoamericano |
| Subdivisión temática general |
Historia y crítica |
| Materiales especificados |
|
| 910 ## - VALIDACIÓN |
| Validación |
VMateo V. |
| 942 ## - ADDED ENTRY ELEMENTS (KOHA) |
| Source of classification or shelving scheme |
Dewey Decimal Classification |
| Koha item type |
Libros |